000 00401nam a2200145Ia 4500
008 100122s9999 xx 000 0 und d
082 _b18414
_a823
100 _aनांगरे बलराम
245 _aफुलवंती
260 _bश्री.ग.रा.पाठक
_c1967
300 _a96
630 _aफुलवंती
730 _aफुलवंती
942 _cBOOK
999 _c407843
_d407840